<?xml version="1.0" encoding="UTF-8"?>
<record
    xmlns:xsi="http://www.w3.org/2001/XMLSchema-instance"
    xsi:schemaLocation="http://www.loc.gov/MARC21/slim http://www.loc.gov/standards/marcxml/schema/MARC21slim.xsd"
    xmlns="http://www.loc.gov/MARC21/slim">

  <leader>00712nam a2200145   4500</leader>
  <controlfield tag="008">759.945 R165c</controlfield>
  <datafield tag="082" ind1=" " ind2=" ">
    <subfield code="a">759.945</subfield>
    <subfield code="b">R165c</subfield>
  </datafield>
  <datafield tag="100" ind1=" " ind2=" ">
    <subfield code="a">Rama, Carol </subfield>
    <subfield code="9">6697</subfield>
  </datafield>
  <datafield tag="245" ind1=" " ind2=" ">
    <subfield code="a">Carol Rama</subfield>
  </datafield>
  <datafield tag="260" ind1=" " ind2=" ">
    <subfield code="a">Torino</subfield>
    <subfield code="b">Franco Masoero Edizioni d&#xB4;Arte</subfield>
    <subfield code="c">1999</subfield>
  </datafield>
  <datafield tag="300" ind1=" " ind2=" ">
    <subfield code="a">70 p.</subfield>
    <subfield code="b">ill (col)</subfield>
    <subfield code="c">28 x 21</subfield>
  </datafield>
  <datafield tag="505" ind1=" " ind2=" ">
    <subfield code="t">Verifica purovisibilistica su Carol Rama</subfield>
    <subfield code="r">Dario Trento</subfield>
    <subfield code="t">A purevisibilistic view of Carol Rama</subfield>
    <subfield code="r">Dario Trento</subfield>
    <subfield code="t">Le parche / The parcae</subfield>
    <subfield code="t">Venticinque acquaforti / Twenty-five etchings</subfield>
    <subfield code="t">Notizia biografica</subfield>
    <subfield code="r">Maria Perosino</subfield>
    <subfield code="t">Biographical note</subfield>
    <subfield code="r">Maria Perosino</subfield>
    <subfield code="t">Catalogo delle incisioni / Catalogue of the engravings</subfield>
  </datafield>
  <datafield tag="600" ind1=" " ind2=" ">
    <subfield code="x">Vanguardia</subfield>
    <subfield code="x">arte - exhibiciones</subfield>
    <subfield code="x">arte - pintura</subfield>
    <subfield code="x">Italia</subfield>
    <subfield code="9">6698</subfield>
  </datafield>
  <datafield tag="700" ind1=" " ind2=" ">
    <subfield code="a">Trento, Dario</subfield>
    <subfield code="9">6699</subfield>
  </datafield>
  <datafield tag="999" ind1=" " ind2=" ">
    <subfield code="c">1623</subfield>
    <subfield code="d">1623</subfield>
  </datafield>
  <datafield tag="952" ind1=" " ind2=" ">
    <subfield code="0">0</subfield>
    <subfield code="1">0</subfield>
    <subfield code="2">ddc</subfield>
    <subfield code="4">0</subfield>
    <subfield code="7">0</subfield>
    <subfield code="a">LV</subfield>
    <subfield code="b">LV</subfield>
    <subfield code="c">Eventos y Bienales</subfield>
    <subfield code="d">2018-09-27</subfield>
    <subfield code="l">0</subfield>
    <subfield code="o">759.945 R165c</subfield>
    <subfield code="p">000986</subfield>
    <subfield code="r">2018-09-27 00:00:00</subfield>
    <subfield code="w">2018-09-27</subfield>
    <subfield code="y">01</subfield>
  </datafield>
</record>
